000 00600cam a22002172 4500
001 0000001831
005 20151217151830.0
008 070328s xx 000 0 eng d
020 _a076191286X :
_cKES 10,800
040 _aKABU
_cKABU
050 0 _aHD59
_b.H36
245 1 0 _aHandbook of public relations /
_cRobert L. Heath.
260 _aLondon :
_bSage,
_c2001.
300 _axiv, 802 p.
650 0 _aPublic relations.
_@0000047274
700 1 _aHeath Robert L.
_@0000150866
908 _a070328
950 _@1
996 _a0000000363
999 _c5481
_d5481